000 00887nam a2200265Ia 4500
003 OSt
005 20221005050055.0
006 a|||||r|||| 00| 0
007 ta
008 221004b |||||||| |||| 00| 0 eng d
020 _c1000
024 _a89923
037 _bG-3255/07-08, 22/02/2008, Manohar Publisher & Distributors
_cTextual
040 _aCRL
_cCRL
_beng
041 _2eng
_aeng
082 _aV275:73, P6
100 _aBandyopadhyay Samaresh Ed.
_9594260
245 0 _aMudranusilana
_b Articles of the seminar on coins of Bengal and north-east India
260 _aKolkata
_bThe Asiatic Society India
_c2006
300 _a128p.
_ccm.
490 _aSeminar and public lecture
650 _aHISTORY
942 _hV275:73, P6
_cTEXL
_2cc
999 _c956266
_d956266